Miniaturen des 19. Jahrhunderts aus der Sammlung Tansey
Saved in:
| Other Authors: | |
|---|---|
| Document Type: | Book |
| Language: | German |
| Published: |
München
: Hirmer
, 2002
|
| Subjects: | |
| Online Access: | Rezension Inhaltsverzeichnis Rezension |
| Related Items: | Rezensiert in:
[Rezension von: Stiftung Miniaturensammlung Tansey im Boman-Museum Celle (Hrsg.), Miniaturen des 19. Jahrhunderts aus der Sammlung Tansey] |
| Author Notes: | hrsg. von der Stiftung Miniaturensammlung Tansey im Bomann-Museum Celle. Bearb. von Bernd Pappe; Juliane Schmieglitz-Otten; Dietrun Otten |
| LEADER | 06582cam a2201285 c 4500 | ||
|---|---|---|---|
| 001 | 358544289 | ||
| 003 | DE-627 | ||
| 005 | 20251223201857.0 | ||
| 007 | tu | ||
| 008 | 030102s2002 gw ||||| c 00| ||ger c | ||
| 010 | |a 2003397597 | ||
| 015 | |a 03,A03,1691 |2 dnb | ||
| 016 | 7 | |a 965758664 |2 DE-101 | |
| 020 | |a 3777495700 |q Gewebe : EUR 75.80 |9 3-7774-9570-0 | ||
| 035 | |a (DE-627)358544289 | ||
| 035 | |a (DE-576)102137129 | ||
| 035 | |a (DE-599)DNB965758664 | ||
| 035 | |a (OCoLC)248794338 | ||
| 035 | |a (OCoLC)54356834 | ||
| 035 | |a (OCoLC)881797679 | ||
| 035 | |a (AT-OBV)AC03579263 | ||
| 040 | |a DE-627 |b ger |c DE-627 |e rakwb | ||
| 041 | |a ger | ||
| 044 | |c XA-DE | ||
| 050 | 0 | |a ND1337.E9 | |
| 082 | 0 | |a 757.0903407443593 | |
| 082 | 0 | |a 757/.09/03407443593 | |
| 082 | 0 | 4 | |a 03 |
| 084 | |a KU 895 |2 sfb | ||
| 084 | |a 46 |a 03 |2 sdnb | ||
| 084 | |a 9,10 |2 ssgn | ||
| 084 | |a LH 70450 |2 rvk |0 (DE-625)rvk/94828: | ||
| 084 | |a 21.10 |2 bkl | ||
| 084 | |a 20.24 |2 bkl | ||
| 245 | 0 | 0 | |a Miniaturen des 19. Jahrhunderts aus der Sammlung Tansey |c hrsg. von der Stiftung Miniaturensammlung Tansey im Bomann-Museum Celle. Bearb. von Bernd Pappe; Juliane Schmieglitz-Otten; Dietrun Otten |
| 246 | 3 | 0 | |a neunzehnten |
| 264 | 1 | |a München |b Hirmer |c 2002 | |
| 300 | |a 336 S. |b zahlr. Ill., Kt. |c 30 cm |e Beil. (1 Bl.) | ||
| 336 | |a Text |b txt |2 rdacontent | ||
| 336 | |a unbewegtes Bild |b sti |2 rdacontent | ||
| 337 | |a ohne Hilfsmittel zu benutzen |b n |2 rdamedia | ||
| 338 | |a Band |b nc |2 rdacarrier | ||
| 500 | |a Ausstellungskatalog zur zweiten Ausstellung der Stiftung Miniaturensammlung Tansey im Bomann-Museum; da kein übergeordneter Titel genannt, nicht als mehrb. Werk behandeln Celle (Quelle: Schutzumschlag) | ||
| 500 | |a Ausstellungsdaten aus dem Internet | ||
| 583 | 1 | |a Archivierung/Langzeitarchivierung gewährleistet |f SSG |x XA-DE-BW |2 pdager |5 DE-16 | |
| 583 | 1 | |a Archivierung prüfen |c 20251012 |f DE-4165 |z 3 |2 pdager | |
| 583 | 1 | |a Archivierung/Langzeitarchivierung gewährleistet |f REG |x XA-DE-NI |2 pdager |5 DE-35 | |
| 600 | 1 | 0 | |a Tansey, Lieselotte |x Exhibitions |x Art collections |
| 600 | 1 | 0 | |a Tansey, Ernest |x Exhibitions |x Art collections |
| 600 | 1 | 4 | |a Tansey, Ernest |
| 600 | 1 | 4 | |a Tansey, Lieselotte |
| 650 | 0 | |a Portrait miniatures, European |x Exhibitions |x 19th century | |
| 650 | 0 | |a Miniature painting, European |x Exhibitions |x 19th century | |
| 650 | 0 | |a Miniature painting |x Exhibitions |x Private collections |x Germany |x Celle | |
| 650 | 4 | |a Bildnisminiatur | |
| 650 | 4 | |a Sammlung | |
| 650 | 4 | |a Katalog | |
| 653 | 0 | |a Bomann-Museum / Stiftung Miniaturensammlung Tansey |a Exhibitions | |
| 655 | 7 | |a Katalog |0 (DE-588)4163417-2 |0 (DE-627)105454966 |0 (DE-576)209880899 |2 gnd-content | |
| 655 | 7 | |a Ausstellungskatalog |0 (DE-588)4135467-9 |0 (DE-627)10566491X |0 (DE-576)209660988 |2 gnd-content | |
| 655 | 7 | |a Bildband |0 (DE-588)4145395-5 |0 (DE-627)104450835 |0 (DE-576)209741139 |2 gnd-content | |
| 689 | 0 | 0 | |d p |0 (DE-588)12235561X |0 (DE-627)705875539 |0 (DE-576)214189643 |a Tansey, Ernest |d 1921-2014 |2 gnd |
| 689 | 0 | 1 | |d s |0 (DE-588)4128844-0 |0 (DE-627)105714259 |0 (DE-576)209605545 |a Sammlung |2 gnd |
| 689 | 0 | |5 DE-101 | |
| 689 | 1 | 0 | |d p |0 (DE-588)122355628 |0 (DE-627)705875547 |0 (DE-576)214189651 |a Tansey, Lieselotte |d 1920-2016 |2 gnd |
| 689 | 1 | 1 | |d s |0 (DE-588)4128844-0 |0 (DE-627)105714259 |0 (DE-576)209605545 |a Sammlung |2 gnd |
| 689 | 1 | |5 DE-101 | |
| 689 | 2 | 0 | |d s |0 (DE-588)4145427-3 |0 (DE-627)105591076 |0 (DE-576)209741406 |a Bildnisminiatur |2 gnd |
| 689 | 2 | 1 | |a z |2 gnd |a Geschichte 1800-1899 |
| 689 | 2 | 2 | |d s |0 (DE-588)4128844-0 |0 (DE-627)105714259 |0 (DE-576)209605545 |a Sammlung |2 gnd |
| 689 | 2 | |5 DE-101 | |
| 689 | 3 | 0 | |d p |0 (DE-588)12235561X |0 (DE-627)705875539 |0 (DE-576)214189643 |a Tansey, Ernest |d 1921-2014 |2 gnd |
| 689 | 3 | 1 | |d s |0 (DE-588)4128844-0 |0 (DE-627)105714259 |0 (DE-576)209605545 |a Sammlung |2 gnd |
| 689 | 3 | 2 | |d s |0 (DE-588)4163417-2 |0 (DE-627)105454966 |0 (DE-576)209880899 |a Katalog |2 gnd |
| 689 | 3 | |5 (DE-627) | |
| 689 | 4 | 0 | |d p |0 (DE-588)122355628 |0 (DE-627)705875547 |0 (DE-576)214189651 |a Tansey, Lieselotte |d 1920-2016 |2 gnd |
| 689 | 4 | 1 | |d s |0 (DE-588)4128844-0 |0 (DE-627)105714259 |0 (DE-576)209605545 |a Sammlung |2 gnd |
| 689 | 4 | 2 | |d s |0 (DE-588)4163417-2 |0 (DE-627)105454966 |0 (DE-576)209880899 |a Katalog |2 gnd |
| 689 | 4 | |5 (DE-627) | |
| 700 | 1 | |a Pappe, Bernd |d 1966- |e VerfasserIn von ergänzendem Text |0 (DE-588)122436229 |0 (DE-627)081941412 |0 (DE-576)185805655 |4 wst | |
| 700 | 1 | |a Schmieglitz-Otten, Juliane |d 1961- |e VerfasserIn von ergänzendem Text |0 (DE-588)1026016738 |0 (DE-627)72592215X |0 (DE-576)371006546 |4 wst | |
| 700 | 1 | |a Otten, Dietrun |e VerfasserIn von ergänzendem Text |0 (DE-588)122436202 |0 (DE-627)081941390 |0 (DE-576)293269637 |4 wst | |
| 700 | 1 | |a Tansey, Lieselotte |d 1920-2016 |0 (DE-588)122355628 |0 (DE-627)705875547 |0 (DE-576)214189651 |4 oth | |
| 700 | 1 | |a Tansey, Ernest |d 1921-2014 |0 (DE-588)12235561X |0 (DE-627)705875539 |0 (DE-576)214189643 |4 oth | |
| 710 | 2 | |a Stiftung Miniaturensammlung Tansey |0 (DE-588)5517650-1 |0 (DE-627)328335169 |0 (DE-576)198158351 |4 oth | |
| 710 | 2 | |a Bomann-Museum Celle |0 (DE-588)2005799-4 |0 (DE-627)101533829 |0 (DE-576)191612960 |4 oth | |
| 787 | 0 | 8 | |i Rezensiert in |a Kepetzis, Ekaterini, 1970 - |t [Rezension von: Stiftung Miniaturensammlung Tansey im Boman-Museum Celle (Hrsg.), Miniaturen des 19. Jahrhunderts aus der Sammlung Tansey] |d 2003 |w (DE-627)1920617256 |
| 856 | 4 | 2 | |u https://swbplus.bsz-bw.de/bsz102137129rez.htm |m B:DE-576;DE-16 |q application/pdf |v 20081106090514 |x Verlag |3 Rezension |7 1 |
| 856 | 4 | 2 | |u https://swbplus.bsz-bw.de/bsz102137129inh.htm |m B:DE-576;DE-16 |q application/pdf |v 20091130085639 |x Verlag |3 Inhaltsverzeichnis |7 1 |
| 856 | 4 | 2 | |u http://www.sehepunkte.de/2003/02/3023.html |m V:DE-576;X:Sehepunkte |q text/html |v 20180424113608 |3 Rezension |7 1 |
| 935 | |i Blocktest | ||
| 936 | r | v | |a LH 70450 |b Porträt |k Kunstgeschichte |k Allgemeines. Allgemeine Kunstgeschichte |k Kunstgeschichte einzelner Gattungen der Kunst |k Malerei |k Gegenstände (Darstellungen nichtikonographischen Charakters) |k Porträt |0 (DE-627)1271028514 |0 (DE-625)rvk/94828: |0 (DE-576)201028514 |
| 936 | b | k | |a 21.10 |j Miniaturmalerei |0 (DE-627)10640668X |
| 936 | b | k | |a 20.24 |j Gesellschaft |j Kultur |x Ikonographie |0 (DE-627)106423622 |
| 951 | |a BO | ||
| 990 | |a Tansey, Ernest | ||
| 990 | |a Sammlung | ||
| 990 | |a Tansey, Lieselotte | ||
| 990 | |a Sammlung | ||
| 990 | |a Bildnisminiatur | ||
| 990 | |a Geschichte 1800-1899 | ||
| 990 | |a Sammlung | ||
| 990 | |a Tansey, Ernest | ||
| 990 | |a Sammlung | ||
| 990 | |a Katalog | ||
| 990 | |a Tansey, Lieselotte | ||
| 990 | |a Sammlung | ||
| 990 | |a Katalog | ||
| 991 | |a Rezensiertes Werk | ||
| 999 | |a KXP-PPN358544289 |e 4955648959 | ||


